000 00681nam a22001697a 4500
003 MACL
005 20160522124453.0
008 160522b xxu||||| |||| 00| 0 eng d
040 _cMACL
041 _aHindi
082 _a891.433 KAN
100 _aकानूनगो, इंदुप्रकाश
_956915
245 _aदुख्‍ा का संगीत
_bविश्‍व के कुछ महान कथाकारों की श्रेष्‍ठ कहानियां
_cइंदुप्रकाश कानूनगो
260 _aमेरठ
_bसंवाद प्रकाशन
_c2004
650 _aStories
_958743
942 _2ddc
_cHIN
999 _c54061
_d54061